Schoene neue Welt? : Multimedia, ein Thema fuer Jugendschutz und Padagogik
Saved in:
| Other Authors: | , |
|---|---|
| Format: | Book |
| Language: | German |
| Published: |
Stuttgart :
Aktion Jugendschutz (ajs) ; Landesarbeitsstelle Badenn - Wurttemberg,
1996.
|
| Series: | Ajs Jahrestagungsband ;
1996 |
| Subjects: | |
| Tags: |
Add Tag
No Tags, Be the first to tag this record!
|
MARC
| LEADER | 00000cam a2200000 i 4500 | ||
|---|---|---|---|
| 001 | 1/9079 | ||
| 008 | 000801s1996 gw | ||| |||| ||ger|| | ||
| 020 | |a 3923970234 | ||
| 035 | |l 10062921 | ||
| 040 | |a GR-MyUa |b gre |e AACR2 | ||
| 041 | 0 | |a ger | |
| 082 | 7 | |a 370.1523 |2 (22) | |
| 245 | 1 | 0 | |a Schoene neue Welt? : |b Multimedia, ein Thema fuer Jugendschutz und Padagogik / |c herausgegeben von Birgit Ebbert und Klaus - Peter Lilienfein. |
| 260 | |a Stuttgart : |b Aktion Jugendschutz (ajs) ; Landesarbeitsstelle Badenn - Wurttemberg, |c 1996. | ||
| 300 | |a 252 σ. ; |c 20 εκ. | ||
| 490 | 1 | |a (Ajs Jahrestagungsband ; |v 1996) | |
| 650 | 0 | |a Learning. | |
| 650 | 0 | |a Multimedia systems. | |
| 700 | 1 | |a Ebbert, Birgit, |d 1962- |e edtf | |
| 700 | 1 | |a Lilienfein, Klaus-Peter, |e edt | |
| 830 | 0 | |a Ajs Jahrestagungsband ; |v 1996 | |
| 852 | |a INST |b RHODES |e 20000801 |h 370.1523 SCH |p 005400012959 |q 005400012959 |t BK |y 0 | ||
| 901 | |a BIBL4-2000-2 | ||
| 922 | |a 4ΕΛΗ |b 199911 |c ΚΠΣ/154 |d GLORY BOOKS | ||
| 970 | |z 2000/08/ΧΡΥΣΑΝΘΗ | ||